000 00303nam a22001337a 4500
008 181226b xxu||||| |||| 00| 0 eng d
020 _a9780495554691
041 _aeng
080 _a575
100 _a6
101 _abio
245 _aGeneral Organic And Biochemistry
_cMorison.A
942 _2udc
_cBK
999 _c53760
_d53760